Història de Catalunya / per Ferran Soldevila
Descripción Física:
3 v. ; 22 cm
Materias:
Catalunya -- Història
MARC
| LEADER | 00000nam a2200000Ia 4500 | ||
|---|---|---|---|
| 001 | 1786, 1787, 1788 | ||
| 008 | 160829s1962 xx 000 0 cat d | ||
| 080 | |a H-1-129, H-1-130, H-1-131 | ||
| 100 | 1 | |a Soldevila, Ferran, |d 1894-1971 |9 35828 | |
| 245 | |a Història de Catalunya / per Ferran Soldevila | ||
| 250 | |a 2a. ed., rev. i aug. | ||
| 260 | |a Barcelona : |b Alpha, |c 1962 | ||
| 300 | |a 3 v. ; |c 22 cm | ||
| 650 | |a Catalunya |x Història |9 24030 | ||
| 901 | |a Arxiu | ||
| 942 | |n 1 | ||
| 952 | |0 0 |1 0 |4 0 |6 H1129_H1130_H1131 |7 1 |9 48088 |a Arxiu |b Arxiu |d 2016-12-01 |l 0 |o H-1-129, H-1-130, H-1-131 |p 1786, 1787, 1788 |r 2016-12-01 00:00:00 |w 2016-12-01 |y ARXIU | ||
| 999 | |c 51891 |d 51891 | ||